Personnages de Maman, j'ai raté l'avion - Statistiques

Statistiques générales
  • Ce quiz a été pris 119 fois
  • Le résultat moyen est 5 sur 16
Statistiques - réponses
Indication Nom du personnage % Correct
Héros du film Kevin McCallister
100%
Plus grand frère du héros Buzz McCallister
71%
Grand cambrioleur Marvin Merchants
56%
Petit cambrioleur Harry .Lime
53%
Père du héros Peter McCallister
38%
Oncle du héros Frank McCallister
33%
Mère du héros Kate McCallister
30%
Cousin maternel du héros Fuller McCallister
24%
Vieux voisin qui fait peur M.Marley
23%
Plus grande soeur du héros Megan McCallister
18%
Tante du héros Leslie McCallister
16%
Cousine paternelle du héros Heather McCallister
10%
Plus jeune frère du héros Jeff McCallister
10%
Plus jeune soeur du héros Linnie McCallister
10%
Leader du groupe de polka Gus Polinski
9%
Cousin paternelle du héros Rod McCallister
9%
Aucun quiz correspondant
Distribution des résultats
% des personnes avec chaque résultat
Percentile par nombre de réponses
Votre historique - résultats
Vous n’avez pas pris ce quiz